000 00281pab a2200109 454500
008 180718b xxu||||| |||| 00| 0 eng d
100 _aRao, S.R.K
245 _aWhat went wrong with the economic reforms
650 _aEconomic Development
773 _aFinancial Express
909 _a24063
999 _c24063
_d24063